Normal view
MARC view
Entry Personal Name
001 - CONTROL NUMBER
- control field: 12492
003 - CONTROL NUMBER IDENTIFIER
- control field: BD-RjUL
005 - DATE AND TIME OF LATEST TRANSACTION
- control field: 20240324101323.0
008 - FIXED-LENGTH DATA ELEMENTS
- fixed length control field: 240324|| aca||aabn | a|a d
040 ## - CATALOGING SOURCE
- Original cataloging agency: BD-RjUL
- Transcribing agency: BD-RjUL
100 ## - HEADING--PERSONAL NAME
- Personal name: Sarker, Azizar Rahman, Supervisor
670 ## - SOURCE DATA FOUND
- Source citation: Work cat.: (BD-RjUL)83449: Sarker, Md. Jaynul 12490, A Stduy of Electrical and Oftical Properties of thin Cermet Films in the Dielectric Regime /, 1997